00638nam a2200181Ia 4500008004100000100002300041245013200064245006200196260003000258260000900288300003200297440003200329650002500361650001700386650001400403650002000417999001900437190422s9999 xx 000 0 und d aCoetzee, Stephen A aWeb conferencing-based tutorials: students perceptions thereof and the effect on academic performance in accounting education / cStephen A. Coetzee, Astrid Schmulian and Rhole Coetzee.-- bTaylor and Francis Group  c2018 apages 531-546, October 2018 aAccounting Educationv27(5) aAcademic Performance aConnectivism aTutorials aWeb conference  c361478d361478